Valence (Espagne) - Choix multiples - Statistiques

Statistiques générales
  • Ce quiz a été pris 140 fois
  • Le résultat moyen est 6 sur 10
Statistiques - réponses
Question Réponse % Correct
La Ville de Valence possède l'un des plus grands d'Europe Océanarium
86%
Quelle "cité" a été fondée en 1998 et terminée en 2009 est un complexe culturel architectural qui fait la célébrité de la Ville ? La Cité des arts et des sciences
83%
Quelle célèbre fête est célébrée dans les rues de Valence au mois de Mars ? Les fallas
75%
Quel fleuve coulait a Valence et a été dévié pour laisser place à des jardins et parcs sur son ancien lit ? Le Turia
74%
Quel est l'animal qui symbolise la Ville et aussi son équipe de football le Valencia CF ? La chauve-souris
68%
Lequel de ces monuments ne se trouve PAS à Valence ?
66%
Quelle boisson non alcoolisée est une spécialité de la Ville ? La Horchata de chufa
62%
Quelle est l'une des viandes qui compose la recette originelle de la paella à la valencienne ? Le lapin
51%
Comment s'écrit la Ville de Valence en valencien ? València
38%
Quel peuple a fondé la Ville de Valence en Espagne ? Les Romains
37%
Aucun quiz correspondant
Distribution des résultats
% des personnes avec chaque résultat
Percentile par nombre de réponses
Votre historique - résultats
Vous n’avez pas pris ce quiz